000 00614nam a2200181Ia 4500
008 100920s9999 xx 000 0 und d
082 _b7254
_a28 व 891 थ 58
100 _aसोनार वा.रा.
245 _aदुबळीं माणसें.
260 _bव्हीनस प्रकाशन,पुणे.
_c1958
300 _a47
_bसाधी
365 _b0.75
520 _aबा.वि.लघुकथा.
630 _aदुबळीं माणसें.
650 _aबा.वि.लघुकथा.
730 _aदुबळीं माणसें.
942 _cBOOK
999 _c675275
_d675272